000 01272nam a2200229Ia 4500
001 L200-53082
003 IT-CnALBA
008 170116s9999||||xx |||||||||||||| ||und||
040 _aIT-CnALBA
_cIT-CnALBA
041 _aITALIANO
100 _aCUVA ARMANDO, SALESIANO
245 0 _aLE CONSEGNE DEI VANGELI, DEL SIMBOLO E DELLA PREGHIERA DEL SIGNORE NEL RITO ROMANO.
250 _a1a ed.
260 _a BRESCIA
_bQUERINIANA EDIT. LIBR. VESC.
_c1999 [1° Ed.:1999 - Ed.Ling.Originale: 1999]
300 _a118 p.
500 _aINTERPRETARE LA BIBBIA OGGI. IMPEGNATIVO ITINERARIO SPIRITUALE. FEDE INDICAZIONE CRISTIANA CATECUMENATO. VANGELO, SIMBOLO PADRE NOSTRO. SACRAMENTARIO GELASIANO ANTICO. IL RITUALE ROMANO DI PAOLO V E PAOLO VI. BIBBIA E CATECHESI. BIBBIA E SPIRITUALITÀ. ANT
501 _aSocietà San Paolo EM - Piazza San Paolo, 14 - 12051 ALBA (CN) (non commercial uses only) ® Copyright 2017
520 _aINTERPRETARE LA BIBBIA OGGI. IMPEGNATIVO ITINERARIO SPIRITUALE. FEDE INDICAZIONE CRISTIANA CATECUMENATO. VANGELO, SIMBOLO PADRE NOSTRO. SACRAMENTARIO GELASIANO ANTICO. IL RITUALE ROMANO DI PAOLO V E PAOLO VI. BIBBIA E CATECHESI. BIBBIA E SPIRITUALITÀ. ANT
650 _aRELIGIONE - RELIGIONE CRISTIANA
942 _cBK
957 _71
999 _a70572
_bNO
_g Copie: 1
_c311966
_d311966